Statistics for Minecraft Mobs Quiz

Click here to take the quiz!

General Stats

  • This quiz has been taken 19 times
    (2 since last reset)
  • The average score is 42 of 83

Answer Stats

HintAnswer% Correct
found in caves, also used in baseballBat
100%
lives in a beehiveBee
100%
this mob is the only way to get blaze rodsBlaze
100%
blue floating creature found in pillager outpostsAllay
50%
a 2023 mob that apparently lives in the Savannah biomeArmadillo
50%
Rare animal in real lifeAxolotl
50%
can transport 2 playersCamel
50%
can be tamed from an ocelotCat
50%
Can poison you, mini spiderCave Spider
50%
can randomly lay eggs all over your worldChicken
50%
a chicken being ridden by a baby zombieChicken Jockey
50%
the brown fish that you can see/catchCod
50%
you can milk this mobCow
50%
the mob that was origionally supposed to be a pig, can explode youCreeper
50%
can lead you to ocean ruins, shipwrecksDolphin
50%
also known as a jackassDonkey
50%
a zombie who got stuck underwater, some have tridentsDrowned
50%
lives with the guardians in an ocean monument, can give mining fatigueElder Guardian
50%
The boss in the End, you need to kill it to beat the gameEnder Dragon
50%
drops ender pearls, attacks if looked in the eyesEnderman
50%
this can be spawned with a ender pearl, enderman want to kill thisEndermite
50%
these are the mobs that drop the Totem of UndyingEvoker
50%
these guys can steal your floating itemsFox
50%
can eat magma cubes and give froglightsFrog
50%
the giant white ghost in the NetherGhast
50%
the super giant version of a zombie, cannot spawn naturally (G___t)Giant
50%
drop glow ink sacsGlow Squid
50%
can drop horns, can hit youGoat
50%
mini elder guardians that are blueGuardian
50%
a zoglin in the NetherHoglin
50%
you can get a 14 block per second one of theseHorse
50%
the zombie of the desert, give you hunger when you are hit by themHusk
50%
Wear a blue, white dotted cloak, cannot spawn naturallyIllusioner
50%
can kill for iron, lives in a village, kills hostile mobsIron Golem
50%
annoying creatures that spit at if you attack themLlama
50%
the Nether version of a SlimeMagma Cube
50%
lives on the mushroom biomeMooshroom
50%
donkey, horse, and m__eMule
50%
you can get a cat by taming one of theseOcelot
50%
love to eat bamboo, theres a really rare brown variantPanda
50%
4 different colors, can sit on your shoulderParrot
50%
will spawn if you dont sleep for 3 or more nights in your worldPhantom
50%
these bad boys are pink and oinkPig
50%
mobs that you can trade with goldPiglin
50%
piglins with golden swords and are much stronger; spawn in bastionsPiglin Brute
50%
these guys are the main mobs from the pillager outpostPillager
50%
you can kill this snowy bear for fishPolar Bear
50%
can give you the poison effectPufferfish
50%
fast, anoying to catch, and can drop a rabbits footRabbit
50%
the giant mob that the raid mobs can ride in a raid, does heavy damageRavager
50%
red fish that lives with codSalmon
50%
you can sheer these boys for woolSheep
50%
you can kill these for shulker shells to make shulker bokesShulker
50%
spawn by the End Portal in the strongholdSilverfish
50%
bones with a bow that will shoot you, spawns with zombies & creepersSkeleton
50%
a dead horseSkeleton Horse
50%
a skeleton riding a skeleton horseSkeleton Horseman
50%
the overworld version of a Magma CubeSlime
50%
hatches from an egg found in suspicious sand/gravelSniffer
50%
can harvest the snow it creates for snowballsSnow Golem
50%
only attack you at night, associate with cobwebsSpider
50%
the name for a skeleton riding a spiderSpider Jockey
50%
drop ink sacsSquid
50%
the snow biomes' version of the skeleton, shots slowness arrowsStray
50%
you can ride this mob in the netherStrider
50%
baby frog, hatches from eggsTadpole
50%
the pet of the wandering traderTrader Llama
50%
looks like a clownfish in your inventory, 2500+ varientsTropical Fish
50%
hatch from eggs, mobs like to break their eggsTurtle
50%
little flying mobs with iron swordsVex
50%
you can trade these big nosed fellowsVillager
50%
a wandering villager you can trade withWandering Trader
50%
the mob that can 2-hit a full netherite player; lives in the deep darkWarden
50%
lives in the swamp, uses healing potions, throws potions at youWitch
50%
can be made with 4 blocks of soul sand/soil and 3 wither skeleton skullsWither
50%
three skulls from these mob are needed to spawn the WitherWither Skeleton
50%
you can tame this mob with bones to get a dogWolf
50%
a hoglin in the OverworldZoglin
50%
this mob looks like Steve with green skinZombie
50%
the zombified version of a horse, cannot spawn naturallyZombie Horse
50%
the most annoying mob in a raid that is "humanish"Vindicator
0%
a mob in the nether that if you hit only 1 they all attackZombified Piglin
0%
a villager that was smacked by a zombieZombified Villager
0%

Score Distribution

Percentile by Number Answered

Percent of People with Each Score

Your Score History

You have not taken this quiz since the last reset